| 000 | 00639nam a2200193 a 4500 | ||
|---|---|---|---|
| 001 | 000034306 | ||
| 005 | 20200930073629.0 | ||
| 008 | 111003s2009 br 000 0 spa d | ||
| 020 | _a9788533305922 | ||
| 040 |
_aDO-SdBNP _bspa _cBNPHU |
||
| 100 | 1 |
_aCunha, Euclides da _959738 |
|
| 245 | 1 | 0 |
_aCaderneta de campo / _ceditor. |
| 260 |
_aRio de Janeiro : _bFundaçâo Biblioteca Nacional, _c2009. |
||
| 300 |
_a371 p. : _bil. ; _c19 cm. |
||
| 490 | 1 |
_aCuadernos da Biblioteca Nacional _v6 |
|
| 500 | _aIncluye referencias bibliográficas y notas al pie de las páginas | ||
| 830 | 0 |
_aCuadernos da Biblioteca Nacional _959739 |
|
| 049 | _aBNPD | ||
| 999 |
_c33797 _d33797 |
||